000 00511nam a2200181Ia 4500
003 GCL
008 140319s9999 xx 000 0 eng d
020 _a0393046869
040 _aGCL /
_cGCL
082 0 4 _a952.04
_bD E
100 1 _aDOWER, JOHN W.
245 1 0 _aEMBRACING DEFEAT :
_bJAPAN IN THE WAKE OF WORLD WAR 11 /
_cDOWER, JOHN W.
260 _aنيويورك :
_bW.W.NORTON AND COMPANY ،
_c1999
300 _a24 CM ؛
_c676 P
650 0 4 _aJAPAN
650 0 4 _aJAPAN - HISTORY, 1945
942 _2ddc
_cBK
999 _c4640
_d4640